[Event "Berlin Lichtenrade op 15th"]
[Site "Berlin"]
[Date "2019.10.17"]
[Round "6"]
[White "Grozea, Filip"]
[Black "Alten, Silvio"]
[Result "1/2-1/2"]
[WhiteElo "1724"]
[BlackElo "1893"]
[PlyCount "23"]
[EventDate "2019.10.12"]
[EventType "swiss"]
[EventRounds "9"]
[EventCountry "GER"]
[SourceTitle "CBM 195 Extra"]
[Source "ChessBase"]
[SourceDate "2020.05.31"]
[SourceVersion "1"]
[SourceVersionDate "2020.05.31"]
[SourceQuality "1"]

1. e4 e6 2. c4 d5 3. exd5 exd5 4. cxd5 Nf6 5. Nc3 Nxd5 6. Bc4 Nb6 7. Bb3 Nc6 8. Nf3 Qe7+ 9. Qe2 Bg4 10. Qxe7+ Bxe7 11. Nb5 0-0-0 12. Bd1 1/2-1/2

[Event "GER-ch U25-A"]
[Site "Willingen"]
[Date "2017.06.07"]
[Round "6"]
[White "Grozea, Filip"]
[Black "Franz, Theodor Franz"]
[Result "1/2-1/2"]
[WhiteElo "1561"]
[BlackElo "1480"]
[PlyCount "72"]
[EventDate "2017.06.04"]
[EventType "swiss"]
[EventRounds "9"]
[EventCountry "GER"]
[SourceTitle "CBM 178 Extra"]
[Source "ChessBase"]
[SourceDate "2017.06.22"]
[SourceVersion "1"]
[SourceVersionDate "2017.06.22"]
[SourceQuality "1"]

1. e4 e5 2. Nf3 Nc6 3. d4 exd4 4. Nxd4 Nf6 5. Nc3 Bb4 6. Nxc6 bxc6 7. Bd3 d5 8. exd5 cxd5 9. 0-0 0-0 10. Bg5 c6 11. Qf3 Be7 12. Rfe1 Re8 13. h3 Rb8 14. Ne2 h6 15. Be3 c5 16. b3 Bb7 17. Qg3 Kh8 18. Bf4 Nh5 19. Qh2 Nxf4 20. Qxf4 Bf6 21. Rad1 Kg8 22. Ng3 Qd7 23. Kh2 Bg5 24. Qf5 Qxf5 25. Bxf5 Rbd8 26. Nf1 g6 27. Bg4 a5 28. Bf3 Rxe1 29. Rxe1 Rd7 30. Rd1 Kg7 31. Ne3 Bxe3 32. fxe3 Kf6 33. Kg3 Ke5 34. Kf2 f5 35. c3 Ba6 36. g3 Rd6 1/2-1/2